Die fragmente der Vorsokratiker / (Record no. 65090)
[ view plain ]
| 000 -LEADER | |
|---|---|
| campo de control de longitud fija | 00725nam a2200217 i 4500 |
| 001 - NÚMERO DE CONTROL | |
| campo de control | 65090 |
| 003 - IDENTIFICADOR DE NÚMERO DE CONTROL | |
| campo de control | ES-MaACL |
| 005 - FECHA Y HORA DE LA ÚLTIMA TRANSACCIÓN | |
| campo de control | 20250804044434.0 |
| 007 - CAMPO FIJO DE DESCRIPCIÓN FÍSICA--INFORMACIÓN GENERAL | |
| campo de control de longitud fija | t| |
| 008 - DATOS DE LONGITUD FIJA--INFORMACIÓN GENERAL | |
| campo de control de longitud fija | 040108s1922 gw ||||1| ger d |
| 080 ## - NÚMERO DE LA CLASIFICACIÓN DECIMAL UNIVERSAL | |
| Número de la Clasificación Decimal Universal | 1(38) |
| 130 4# - ENTRADA PRINCIPAL--TÍTULO UNIFORME | |
| Título uniforme | Die Fragmente der Vorsokratiker. |
| 9 (RLIN) | 139423 |
| 245 14 - MENCIÓN DEL TÍTULO | |
| Título | Die fragmente der Vorsokratiker / |
| Mención de responsabilidad, etc. | griechisch and deutsch von Hermann Diels ; zweiter band vierte auflage abdruck der dritten mit nochtragen. |
| 260 ## - PUBLICACIÓN, DISTRIBUCIÓN, ETC. | |
| Lugar de publicación, distribución, etc. | Berlín : |
| Nombre del editor, distribuidor, etc. | Weidmannsche Buchhandlung, |
| Fecha de publicación, distribución, etc. | 1922. |
| 300 ## - DESCRIPCIÓN FÍSICA | |
| Extensión | XXXVIII, 345 p. ; |
| Dimensiones | 23 cm. |
| 650 #7 - PUNTO DE ACCESO ADICIONAL DE MATERIA--TÉRMINO DE MATERIA | |
| Término de materia o nombre geográfico como elemento de entrada | Filosofía griega |
| Fuente del encabezamiento o término | embne |
| 9 (RLIN) | 12849 |
| 650 #4 - PUNTO DE ACCESO ADICIONAL DE MATERIA--TÉRMINO DE MATERIA | |
| Término de materia o nombre geográfico como elemento de entrada | Presocráticos. |
| 9 (RLIN) | 16385 |
| 700 1# - ENTRADA AGREGADA--NOMBRE PERSONAL | |
| Nombre de persona | Diels, Hermann. |
| 9 (RLIN) | 44597 |
| 852 4# - LOCALIZACIÓN | |
| Ubicación | ES-MaACL |
| itemnumber | C-8124 |
| Estatus retirado | Estado de pérdida | Estado de daño | No para préstamo | Biblioteca de origen | Biblioteca actual | Ubicación en estantería | Fecha de adquisición | Fuente de adquisición | Total de préstamos | Signatura topográfica completa | Código de barras | Visto por última vez | Precio de reemplazo | Tipo de ítem Koha |
|---|---|---|---|---|---|---|---|---|---|---|---|---|---|---|
| Biblioteca del Ateneo de Madrid | Biblioteca del Ateneo de Madrid | Sala Palomar | 17/01/2008 | C-8124 | 1068199 | 23/02/2023 | 23/02/2023 | Libro impreso |
